Υπάρχουν όνειρα
Αποθηκεύτηκε σε:
| Κύριος συγγραφέας: | |
|---|---|
| Μορφή: | Βιβλίο |
| Γλώσσα: | Greek |
| Δημοσίευση: |
Αθήνα :
Νέα Σύνορα,
1995.
|
| Σειρά: | Ελληνική λογοτεχνία. Έργα Βασίλη Βασιλικού (Νέα Σύνορα)
|
| Θέματα: | |
| Ετικέτες: |
Προσθήκη ετικέτας
Δεν υπάρχουν, Καταχωρήστε ετικέτα πρώτοι!
|
MARC
| LEADER | 00000nam a2200000 a 4500 | ||
|---|---|---|---|
| 001 | 1/127748 | ||
| 008 | 231124s1995####gr | ||| |||| ||gre|| | ||
| 020 | |a 9602365269 | ||
| 040 | |a GR-MyUa |b gre |c GR-MyUa |e AACR2 | ||
| 041 | 0 | |a gre | |
| 082 | 7 | |a 889.36 |2 (23) | |
| 100 | 1 | |a Βασιλικός, Βασίλης, |d 1934- | |
| 245 | 1 | 0 | |a Υπάρχουν όνειρα / |c Βασίλης Βασιλικός. |
| 260 | |a Αθήνα : |b Νέα Σύνορα, |c 1995. | ||
| 300 | |a 312 σ. ; |c 21 εκ. | ||
| 490 | 1 | |a (Ελληνική λογοτεχνία. Έργα Βασίλη Βασιλικού ; |v 9) | |
| 650 | 0 | |a Greek fiction | |
| 830 | 0 | |a Ελληνική λογοτεχνία. |p Έργα Βασίλη Βασιλικού (Νέα Σύνορα) | |
| 852 | |a INST |b LESVOS |e 20231124 |h 889.36 ΒΑΣ |p 005100065622 |q 005100065622 |t BK |y 0 | ||
| 970 | |a Δημάκη |b Μαρία |z 24-11-2023 | ||